000 00659nam 22002293 4500
001 200209
010 _a972-710-326-X
021 _aPT
_b191739/03
090 _a200209
100 _a20260127d u||y0pory50 ba
200 _aOs impostores da genética
_fBertrand Jordan
_gtradução de Augusto Joaquim
205 _a
210 _aLisboa
_cTerramar
_d2003
215 _a226, [6] p.
_cbrochado
_d24 cm
225 _aCiência e...
_h11
606 _915897
_aGenética geral. Citogenética geral
675 _a575
_vPT
_zpor
700 _916045
_aJordan
_bBertrand
702 _910548
_aJoaquim
_bAugusto
801 _aPT
_bBMMN
_gRPC
830 _cVanda
990 _cLIVROS